| 000 | 00347nam a22001337a 4500 | ||
|---|---|---|---|
| 999 |
_c8200 _d8200 |
||
| 003 | OSt | ||
| 005 | 20200812122712.0 | ||
| 008 | 200812b ||||| |||| 00| 0 eng d | ||
| 020 | _a9789384204082 | ||
| 100 | _aJayashri Deshpande | ||
| 245 | _aArchiving architectural thesis -2016 | ||
| 260 |
_aNew Delhi _bCouncil of Architecture _c2016 |
||
| 942 | _2ddc | ||